| 000 | 00787nam a2200301 a 4500 | ||
|---|---|---|---|
| 003 | AR-BaBNM | ||
| 005 | 20251128204202.0 | ||
| 008 | 082120s2002 ||||||||||||||000 | spa|| | ||
| 020 | _a950-40-0025-8 | ||
| 040 | _cAR-BaBNM | ||
| 100 | 1 | _aSaussure, Ferdinand de | |
| 245 | 0 | 0 | _aCurso de lingüística general |
| 260 |
_aMadrid _bAlianza Editorial _c1989 |
||
| 300 | _a283 p. | ||
| 490 | 0 |
_aHumanidades _vv. 19 |
|
| 500 | _aContiene apéndice | ||
| 650 | 4 | _aTEORIA LINGUISTICA | |
| 650 | 4 | _aFILOLOGIA | |
| 650 | 4 | _aDESARROLLO DEL LENGUAJE | |
| 650 | 4 | _aLENGUAJES SIMBOLICOS | |
| 650 | 4 | _aSEMIOLOGIA | |
| 650 | 4 | _aSIGNOS | |
| 650 | 4 | _aFONOLOGIA | |
| 650 | 4 | _aLINGUISTICA COMPARATIVA Y DIACRONICA | |
| 700 | 1 |
_aAlonso, Amado _etraductor |
|
| 942 | _cBK | ||
| 998 | _cisola | ||
| 999 |
_c6515 _d6515 |
||